[Event "Warsaw Szansa Rapid op"]
[Site "Warsaw"]
[Date "2021.09.11"]
[Round "2"]
[White "Bogdanov, Egor"]
[Black "Obiedzinski, Piotr"]
[Result "1-0"]
[WhiteElo "2427"]
[BlackElo "1843"]
[PlyCount "91"]
[EventDate "2021.09.11"]
[EventType "swiss (rapid)"]
[EventRounds "9"]
[EventCountry "POL"]
[SourceTitle "CBM 204 Extra"]
[Source "ChessBase"]
[SourceDate "2021.11.30"]
[SourceVersion "1"]
[SourceVersionDate "2021.11.30"]
[SourceQuality "1"]

1. e4 c5 2. c3 d5 3. exd5 Qxd5 4. d4 Nf6 5. Nf3 Bg4 6. Be2 e6 7. 0-0 cxd4 8. cxd4 Nc6 9. Nc3 Qd8 10. Qb3 Rb8 11. Rd1 Nd5 12. Nxd5 exd5 13. h3 Bh5 14. Bf4 Bd6 15. Qe3+ Ne7 16. Bb5+ Kf8 17. g4 Bg6 18. Ne5 Bxe5 19. Bxe5 Rc8 20. Re1 Nc6 21. Rac1 h5 22. g5 Qd7 23. Rc3 Kg8 24. Bd3 Kh7 25. Qf3 Nxe5 26. Rxe5 Rxc3 27. bxc3 Re8 28. Qxh5+ Kg8 29. Bxg6 fxg6 30. Qg4 Qf7 31. Qe2 Rf8 32. Qe3 a5 33. Re7 Qf5 34. Rxb7 Kh7 35. Ra7 Qb1+ 36. Kg2 Rf5 37. Qe7 Qe4+ 38. Qxe4 dxe4 39. h4 Rb5 40. Kg3 Rd5 41. Re7 Rb5 42. Rxe4 Rb2 43. d5 Rxa2 44. d6 Rd2 45. Rd4 Rc2 46. d7 1-0

[Event "POL-ch (Public Admin) 3rd rapid"]
[Site "Warsaw"]
[Date "2017.12.09"]
[Round "6.10"]
[White "Obiedzinski, Piotr"]
[Black "Brok, Jerzy"]
[Result "1-0"]
[WhiteElo "1895"]
[BlackElo "2073"]
[PlyCount "145"]
[EventDate "2017.12.09"]
[EventType "swiss (rapid)"]
[EventRounds "9"]
[EventCountry "POL"]
[SourceTitle "CBM 182 Extra"]
[Source "ChessBase"]
[SourceDate "2018.02.23"]
[SourceVersion "1"]
[SourceVersionDate "2018.02.23"]
[SourceQuality "1"]

1. d4 d5 2. Bg5 c5 3. c3 Qb6 4. Qb3 c4 5. Qc2 g6 6. Nd2 Bf5 7. e4 dxe4 8. Nxc4 Qc7 9. Ne3 Bg7 10. Nd5 Qd6 11. Bb5+ Nc6 12. Ne3 a6 13. Qa4 Rc8 14. Bf1 Bd7 15. Qd1 Nf6 16. Ne2 0-0 17. Bf4 Qe6 18. d5 Nxd5 19. Qxd5 Rfd8 20. Rd1 Qf6 21. Bg5 Qe6 22. Nf4 Qe5 23. Qxe5 Bxe5 24. Nfd5 f6 25. Bh4 Kf7 26. Nb6 Rc7 27. Ned5 Bg4 28. Be2 Be6 29. Nxc7 Rxd1+ 30. Bxd1 Bxc7 31. Na4 Bxa2 32. Nc5 Bc4 33. Bb3 Ne5 34. Bxc4+ Nxc4 35. Nxe4 Nxb2 36. 0-0 Be5 37. Bg3 Nc4 38. Bxe5 Nxe5 39. Rb1 b5 40. Ra1 Ke6 41. Rxa6+ Kd5 42. Nd2 Nc6 43. Ra8 e5 44. Rh8 h5 45. Rh6 Ne7 46. Rh7 Nf5 47. Rd7+ Ke6 48. Rb7 Nd6 49. Rb6 Kd5 50. Kf1 f5 51. Ke2 g5 52. Rb8 e4 53. Rh8 h4 54. Rh5 Nf7 55. Rh7 Ne5 56. h3 f4 57. Rb7 Kc5 58. Rg7 f3+ 59. gxf3 exf3+ 60. Nxf3 Nc6 61. Rxg5+ Kc4 62. Ne5+ Kxc3 63. Nxc6 b4 64. Nxb4 Kxb4 65. Rg4+ Kc5 66. Rxh4 Kd5 67. Kd3 Ke5 68. f4+ Kf5 69. Kd4 Kg6 70. Ke5 Kg7 71. Rg4+ Kf7 72. f5 Kf8 73. Ke6 1-0

[Event "Rewal op-B 17th"]
[Site "Rewal"]
[Date "2012.08.??"]
[Round "9"]
[White "Obiedzinski, Piotr"]
[Black "Sowa, Martyna"]
[Result "0-1"]
[WhiteElo "1913"]
[BlackElo "1765"]
[PlyCount "84"]
[EventDate "2012.08.20"]
[EventType "swiss"]
[EventRounds "9"]
[EventCountry "POL"]
[SourceTitle "EXT 2014"]
[Source "ChessBase"]
[SourceDate "2013.11.20"]
[SourceVersion "1"]
[SourceVersionDate "2013.11.20"]
[SourceQuality "1"]

1. e4 c5 2. Nf3 e6 3. d4 cxd4 4. Nxd4 a6 5. Nc3 Qc7 6. Bd3 Nf6 7. 0-0 b5 8. a3 Bb7 9. Be3 d6 10. f4 Nbd7 11. f5 e5 12. Nb3 d5 13. exd5 Nxd5 14. Nxd5 Bxd5 15. Bxb5 Qb7 16. Bxd7+ Qxd7 17. Qd2 Rd8 18. Rad1 Be7 19. Bb6 0-0 20. Bxd8 Rxd8 21. Qa5 Qa7+ 22. Kh1 Qa8 23. Rd2 Bg5 24. Re2 Bc4 25. Qxe5 Bf6 26. Qe3 Bxe2 27. Qxe2 Bxb2 28. a4 Qc6 29. c4 Bf6 30. a5 h6 31. c5 Rb8 32. Qc4 Re8 33. Rd1 Re4 34. Qd3 Qe8 35. Rf1 Re3 36. Qc4 Rc3 37. Qd5 Qe2 38. Rd1 Qc2 39. Na1 Qa4 40. Rb1 Qxa5 41. Qa8+ Kh7 42. Rf1 Qxc5 0-1

[Event "Memorial Henryk Jakubowski"]
[Site "Lomza"]
[Date "2011.01.08"]
[Round "3.2"]
[White "Obiedzinski, Piotr"]
[Black "Kokoszczynski, Jan"]
[Result "1-0"]
[WhiteElo "1917"]
[BlackElo "1575"]
[PlyCount "103"]
[EventDate "2011.01.08"]
[EventType "swiss"]
[EventRounds "5"]
[EventCountry "POL"]
[SourceTitle "EXT 2023"]
[Source "ChessBase"]
[SourceDate "2022.10.05"]
[SourceVersion "1"]
[SourceVersionDate "2022.10.05"]
[SourceQuality "1"]

1. d4 f5 2. g3 g6 3. Bg2 Nf6 4. c3 Bg7 5. Qb3 c6 6. Nh3 d5 7. Nd2 Nbd7 8. Nf3 Qc7 9. Nfg5 Nb6 10. Nf4 Qd6 11. Nd3 Nbd7 12. Bf4 e5 13. dxe5 Qe7 14. exf6 Bxf6 15. h4 0-0 16. e3 b6 17. Nf3 h5 18. 0-0 Ba6 19. Rfd1 Bxd3 20. Rxd3 Nc5 21. Qd1 Nxd3 22. Qxd3 Rad8 23. Nd4 Bxd4 24. exd4 Rde8 25. Be5 Qd7 26. Qd2 Kh7 27. Qg5 Qe7 28. Qxe7+ Rxe7 29. Bd6 Rfe8 30. Bxe7 Rxe7 31. Bf3 Kg7 32. Kf1 Kf6 33. Re1 a5 34. Rxe7 Kxe7 35. Ke2 Kd6 36. Ke3 Ke6 37. Kf4 Kf6 38. a4 Ke6 39. Kg5 Kf7 40. Bxh5 gxh5 41. Kxf5 b5 42. axb5 cxb5 43. Ke5 Kg6 44. Kxd5 Kf5 45. f3 Kf6 46. Kc5 Ke6 47. g4 hxg4 48. fxg4 a4 49. h5 Kf6 50. d5 a3 51. bxa3 b4 52. cxb4 1-0

[Event "POL-chT 2st League"]
[Site "Mrzezyno"]
[Date "2010.09.10"]
[Round "7.93"]
[White "Obiedzinski, Piotr"]
[Black "Siekaniec, Jan"]
[Result "0-1"]
[WhiteElo "1917"]
[BlackElo "2159"]
[PlyCount "72"]
[EventDate "2010.09.04"]
[EventType "team-swiss"]
[EventRounds "9"]
[EventCountry "POL"]
[SourceTitle "EXT 2019"]
[Source "ChessBase"]
[SourceDate "2018.10.10"]
[SourceVersion "1"]
[SourceVersionDate "2018.10.10"]
[SourceQuality "1"]
[WhiteTeam "Lomza Devo Maraton"]
[BlackTeam "Prudnik LKS Zarzewie"]
[WhiteTeamCountry "POL"]
[BlackTeamCountry "POL"]

1. e4 c5 2. Nf3 d6 3. d4 cxd4 4. Nxd4 Nf6 5. Nc3 a6 6. Bg5 e6 7. f4 Be7 8. Qf3 Qc7 9. 0-0-0 Nbd7 10. g4 h6 11. Bxf6 Bxf6 12. h4 Qb6 13. Nde2 Qc5 14. Bg2 g5 15. hxg5 hxg5 16. Rxh8+ Bxh8 17. f5 Ne5 18. Qh3 Bf6 19. Nd4 Nc4 20. fxe6 fxe6 21. Nb3 Qe3+ 22. Qxe3 Nxe3 23. Rd2 Be5 24. Bf3 Bd7 25. Ne2 Nc4 26. Rd1 Bxb2+ 27. Kb1 Be5 28. Rh1 a5 29. Kc1 Bb2+ 30. Kd1 0-0-0 31. c3 Rf8 32. Nbd4 Ba3 33. Rh5 Ne5 34. Rh3 Bc5 35. Kc2 Rf6 36. Ng1 Nc6 0-1

[Event "Lomza op"]
[Site "Lomza"]
[Date "2010.08.28"]
[Round "3.3"]
[White "Michalak, Robert"]
[Black "Obiedzinski, Piotr"]
[Result "1-0"]
[WhiteElo "1808"]
[BlackElo "1917"]
[PlyCount "113"]
[EventDate "2010.08.24"]
[EventType "swiss"]
[EventRounds "9"]
[EventCountry "POL"]
[SourceTitle "EXT 2023"]
[Source "ChessBase"]
[SourceDate "2022.10.05"]
[SourceVersion "1"]
[SourceVersionDate "2022.10.05"]
[SourceQuality "1"]

1. d4 d5 2. Bg5 f6 3. Bh4 Bf5 4. e3 e6 5. Bd3 Nh6 6. f4 Nc6 7. c3 Qd7 8. Nf3 Bd6 9. b4 0-0 10. 0-0 Rae8 11. Na3 e5 12. dxe5 fxe5 13. Bxf5 Nxf5 14. Qxd5+ Kh8 15. Nc4 exf4 16. exf4 Nfe7 17. Bxe7 Nxe7 18. Qd3 Bc5+ 19. Nd4 Bxd4+ 20. cxd4 Nd5 21. Qd2 Qb5 22. Ne5 Qxb4 23. Qxb4 Nxb4 24. Rab1 a5 25. a3 Nc2 26. Rxb7 Nxd4 27. g3 Ne6 28. Nc6 Rf5 29. Re1 Rff8 30. Nxa5 c5 31. Nc4 Nd4 32. Ree7 Rxe7 33. Rxe7 h6 34. Rc7 Nb3 35. Rb7 Nd4 36. a4 Re8 37. a5 Re1+ 38. Kf2 Re2+ 39. Kf1 Ra2 40. Ra7 Ra4 41. Nb6 Ra1+ 42. Kf2 Kh7 43. a6 Nb5 44. Ra8 Nc7 45. Rc8 Nxa6 46. Nd7 Rc1 47. Rc6 Nb4 48. Rc7 Rc2+ 49. Kf3 c4 50. Nf6+ Kg6 51. Ne4 Na2 52. g4 h5 53. f5+ Kh7 54. g5 Kg8 55. g6 Kf8 56. f6 Nc3 57. Rc8# 1-0

[Event "Lomza op"]
[Site "Lomza"]
[Date "2010.08.28"]
[Round "4.4"]
[White "Obiedzinski, Piotr"]
[Black "Szwajkowski, Patryk"]
[Result "1-0"]
[WhiteElo "1917"]
[BlackElo "1529"]
[PlyCount "91"]
[EventDate "2010.08.24"]
[EventType "swiss"]
[EventRounds "9"]
[EventCountry "POL"]
[SourceTitle "EXT 2023"]
[Source "ChessBase"]
[SourceDate "2022.10.05"]
[SourceVersion "1"]
[SourceVersionDate "2022.10.05"]
[SourceQuality "1"]

1. d4 d5 2. Bg5 Nf6 3. Nd2 e6 4. e3 Nbd7 5. f4 c5 6. c3 Bd6 7. Bd3 0-0 8. Ngf3 Qb6 9. Rb1 Ng4 10. Qe2 Qa5 11. h3 Ngf6 12. 0-0 cxd4 13. exd4 Qxa2 14. Ne5 h6 15. Bh4 Qa5 16. g4 Qb6 17. Kh1 Re8 18. g5 hxg5 19. fxg5 Bxe5 20. dxe5 Ne4 21. Nxe4 dxe4 22. Qxe4 Qc6 23. Qxc6 bxc6 24. Bg3 Nc5 25. Bc4 Ne4 26. Bf4 Rd8 27. Kh2 Bb7 28. g6 fxg6 29. Bxe6+ Kh7 30. Rbd1 Ba6 31. Rfe1 Nf2 32. Rxd8 Rxd8 33. Bg5 Rf8 34. Bd7 Nd3 35. Re3 Nc5 36. e6 Nxe6 37. Rxe6 Rf2+ 38. Kg3 Rf5 39. h4 Rd5 40. Bxc6 Rd3+ 41. Kf4 Rd2 42. Be4 Rf2+ 43. Ke5 Bb5 44. Bxg6+ Kg8 45. Rd6 Re2+ 46. Kd4 1-0